Normal view
MARC view
- MCCORMAC, JACK
Entry Personal Name
001 - CONTROL NUMBER
- control field: 89312
003 - CONTROL NUMBER IDENTIFIER
- control field: NUST
005 - DATE AND TIME OF LATEST TRANSACTION
- control field: 20220221163817.0
008 - FIXED-LENGTH DATA ELEMENTS
- fixed length control field: 220221|| aca||aabn | a|a d
040 ## - CATALOGING SOURCE
- Original cataloging agency: NUST
- Transcribing agency: NUST
100 ## - HEADING--PERSONAL NAME
- Personal name: MCCORMAC, JACK
670 ## - SOURCE DATA FOUND
- Source citation: Work cat.: (NUST): MCCORMAC, JACK ., STRUCTURAL STEEL DESIGN /, 2012.
